Introduction to agricultural engineering /
Guardado en:
| Autor Principal: | |
|---|---|
| Otros Autores: | |
| Formato: | Libro |
| Idioma: | English |
| Publicado: |
New York :
McGraw-Hill,
1955.
|
| Etiquetas: |
Agregar Etiqueta
Sin Etiquetas, Sea el primero en etiquetar este registro!
|
| LEADER | 00482nam a22001575a 4500 | ||
|---|---|---|---|
| 001 | EUN.um040721 | ||
| 003 | AR-BaUNS | ||
| 005 | 20050623122912.0 | ||
| 008 | 041125s1955####xxua##########000#0#eng#d | ||
| 245 | 1 | 0 | |a Introduction to agricultural engineering / |c H.F. McColly, J.W. Martin. |
| 260 | |a New York : |b McGraw-Hill, |c 1955. | ||
| 300 | |a 553 p. : |b ilus. ; |c 23 cm. | ||
| 100 | 1 | |a McColly, H.F. | |
| 700 | 1 | |a Martin, J.W. | |
| 082 | 0 | 4 | |a 631 |
| 859 | |a Ar-BaUNS |b BIB. CENTRAL - Sector C |h 631 |i M133 |p 46213/968 | ||
